000 00755nam a2200229Ia 4500
003 GCL
008 140319s9999 xx 000 0 ara d
040 _aGCL /
_cGCL
082 0 4 _a677.4
_bا ت
100 1 _aاحمد فؤاد النجعاوى
245 1 0 _aتكنولوجيا الالياف الصناعية وخلطاتها /
_cاحمد فؤاد النجعاوى
260 _a[S.N] :
_bمنشاة المعارف ،
_c1993
300 _a405 ص
490 _a
650 0 4 _aالالياف الصناعية
650 0 4 _aالصوف الصناعى
650 0 4 _aالالياف
650 0 4 _aالخاصية الحرارية
650 0 4 _aالخاصية الكهربائية
650 0 4 _aالالياف غير العضوية
942 _2ddc
_cBK
999 _c33204
_d33204